| 000 | 01053nam a22003737a 4500 | ||
|---|---|---|---|
| 005 | 20190429161926.0 | ||
| 008 | 190429b xxu||||| |||| 00| 0 spa d | ||
| 020 | _a9789977678658 | ||
| 041 | _aspa | ||
| 082 | _a170 S629f | ||
| 100 |
_aSkutch, Alexander Frank _953375 |
||
| 245 | _aFundamentos morales: una introducción a la ética | ||
| 260 | _aCosta Rica | ||
| 260 | _bEditorial UCR | ||
| 260 | _c2009 | ||
| 300 | _a272 páginas | ||
| 650 |
_aCOSTA RICA _953376 |
||
| 650 |
_aÉTICA _9489 |
||
| 650 |
_aMORALIDAD _924977 |
||
| 650 |
_aRAZÓN _951304 |
||
| 650 |
_aRELACIONES MORALES _953377 |
||
| 650 |
_aCONCIENCIA _98241 |
||
| 650 |
_aPLACERES _953378 |
||
| 650 |
_aFELICIDAD _912362 |
||
| 650 |
_aLIBERTAD MORAL _953379 |
||
| 650 |
_aJUICIOS ÉTICOS _953380 |
||
| 650 |
_aESTRUCTURA SOCIAL _915322 |
||
| 650 |
_aPROTOMORALIDAD DE LOS ANIMALES _953381 |
||
| 650 |
_aINSTINTO MORAL _953382 |
||
| 650 |
_aINSTRUCCIONES MORALES _953383 |
||
| 650 |
_aSISTEMAS ÉTICOS _953384 |
||
| 650 |
_aÉTICA UNIVERSAL _953385 |
||
| 942 | _cBK | ||
| 999 |
_c11872 _d11872 |
||